| 000 | 01303nam0a2200361 4500 | ||
|---|---|---|---|
| 001 | RU\NLR\bibl\1687281 | ||
| 005 | 20250616053442.0 | ||
| 010 |
_a978-5-16-004150-6 _9500 |
||
| 021 |
_aRU _b2010-70382 _94647 |
||
| 035 | _a(nilc)RSL-KNO-004732461 | ||
| 035 | _a(NLR Aleph) 001678437 | ||
| 090 |
_a1085862 _c1085862 |
||
| 100 | _a20100916d2011 |||y0rusy50 ca | ||
| 101 | 0 | _arus | |
| 102 | _aRU | ||
| 105 | _aa zzzz||||| | ||
| 200 | 1 |
_aРынок ценных бумаг _eпрошлое, настоящее, будущее _fТ. Б. Бердникова |
|
| 210 |
_aМосква _cИНФРА-М _d2011 [т. е. 2010] |
||
| 215 |
_a395, [1] с. _cил., табл. _d22 |
||
| 225 | 1 | _aНаучная мысль | |
| 300 | _aФактическая дата выхода в свет : 2010 г. | ||
| 320 | _aБиблиогр.: с. 339-392 | ||
| 606 | 1 |
_aЦенные бумаги _xРынки _yРоссийская Федерация _92121921 _3RU\NLR\auth\661281220 |
|
| 686 |
_aУ9(2)262.292,0 _2rubbk |
||
| 686 | _aУ26(2)229.5 | ||
| 700 | 1 |
_aБердникова _bТ. Б. _gТатьяна Борисовна _4070 |
|
| 801 | 0 |
_aRU _bРГБ _c20100916 _grcr |
|
| 801 | 1 |
_aRU _bРГБ _c20100916 |
|
| 801 | 2 |
_aRU _bNLR _c20101015 _grcr |
|
| 942 | _cBOOK | ||
| 980 | _aNB | ||
| 980 | _aNBR | ||